Avatar : Quiz épisodes - Statistiques

Statistiques générales
  • Ce quiz a été pris 140 fois
  • Le résultat moyen est 17 sur 61
Statistiques - réponses
Hint Réponse % Correct
Terre Chapitre 6 La fripouille aveugle
67%
Terre Chapitre 7 Zuko, seul
54%
Eau Chapitre 10 Jet
47%
Terre Chapitre 10 La bibliothèque
46%
Terre Chapitre 4 Le marais
46%
Terre Chapitre 11 Le désert
44%
Eau Chapitre 1 Le garçon bloqué dans l'iceberg
42%
Eau Chapitre 3 Le temple de l'Air austral
42%
Terre Chapitre 2 La grotte des amoureux
38%
Eau Chapitre 13 L'esprit bleu
37%
Feu Chapitre 3 La dame peinte
35%
Feu Chapitre 8 La marionnettiste
35%
Feu Chapitre 11 Le jour du soleil noir 2ème partie : L'éclipse
35%
Terre Chapitre 5 La fête de l'Avatar
33%
Feu Chapitre 4 Le maître de Sokka
33%
Terre Chapitre 12 Le passage du serpent
33%
Terre Chapitre 3 Retour à Omashu
33%
Eau Chapitre 5 Le roi d'Omashu
32%
Terre Chapitre 1 L'état d'Avatar
32%
Eau Chapitre 17 Le temple de l'Air boréal
32%
Terre Chapitre 13 La foreuse
30%
Eau Chapitre 4 Les guerriers de Kyoshi
30%
Eau Chapitre 2 Avatar ! Le retour
29%
Feu Chapitre 5 La plage
29%
Eau Chapitre 11 Le grand canyon
29%
Feu Chapitre 10 Le jour du soleil noir 1ère partie : L'invasion
29%
Terre Chapitre 17 Le lac Laogaï
29%
Feu Chapitre 21 La comète Sozin 4ème partie : L'Avatar Aang
28%
Feu Chapitre 17 Les comédiens de l'île de Braise
28%
Feu Chapitre 12 Le temple de l'Air de l'Ouest
28%
Eau Chapitre 12 La tempête
27%
Eau Chapitre 16 Le déserteur
27%
Feu Chapitre 1 Le réveil
27%
Terre Chapitre 8 Pris en chasse
27%
Terre Chapitre 20 Les carrefours du destin
25%
Terre Chapitre 19 Le gourou
24%
Terre Chapitre 18 Le roi de la Terre
24%
Eau Chapitre 14 La diseuse de bonne aventure
23%
Eau Chapitre 15 Bato de la tribu de l'Eau
22%
Eau Chapitre 18 Le grand maître de l'Eau
22%
Eau Chapitre 8 Solstice d'hiver 2ème partie : L'Avatar Roku
22%
Feu Chapitre 18 La comète Sozin 1ère partie : Le roi Phénix
20%
Feu Chapitre 7 La fugitive
20%
Terre Chapitre 16 Les jours d'errance d'Appa
20%
Feu Chapitre 2 Le bandana
19%
Terre Chapitre 9 Un apprentissage difficile
19%
Eau Chapitre 19 Le siège du nord (1ère partie)
18%
Eau Chapitre 20 Le siège du nord (2ème partie)
18%
Feu Chapitre 9 Cauchemars et hallucinations
16%
Eau Chapitre 6 Emprisonnée
16%
Feu Chapitre 19 La comète Sozin 2ème partie : Les anciens maîtres
16%
Feu Chapitre 16 Les cuirassés du Sud
16%
Feu Chapitre 13 Les maîtres du Feu
16%
Eau Chapitre 9 Le manuscrit de la maîtrise de l'Eau
14%
Eau Chapitre 7 Solstice d'hiver 1ère partie : Le monde spirituel
14%
Terre Chapitre 15 A la découverte de Ba Sing Se
11%
Feu Chapitre 20 La comète Sozin 3ème partie : Dans l'inferno
11%
Feu Chapitre 6 Avatar et le Seigneur du Feu
10%
Terre Chapitre 14 La cité des murs et des secrets
9%
Feu Chapitre 14 Le rocher bouillant 1ère partie
9%
Feu Chapitre 15 Le rocher bouillant 2ème partie
9%
Aucun quiz correspondant
Distribution des résultats
% des personnes avec chaque résultat
Percentile par nombre de réponses
Votre historique - résultats
Vous n’avez pas pris ce quiz